000 00480nam a2200181Ia 4500
005 20250923144415.0
008 008 250917s9999 xx 000 0 eng d
037 _aTextual
040 _aDSWL
_beng
_cDSWL
041 _aeng
_2eng
084 _aY1, H2
_qDSWL
100 _aMurray, R.W
_9824581
245 0 _aIntroductory sociology
_cby R.W Murray
260 _aNew York
_c1942
300 _a423 p.
942 _cTEXL
_hY1, H2
999 _c1438468
_d1438468